Click to Translate - Korean - Statistics

General Stats
  • This quiz has been taken 5,693 times
  • The average score is 13 of 20
Answer Stats
Hint Answer % Correct
Hi 안녕 (annyeong)
89%
No 아니 (ani)
86%
Coffee 커피 (keopi)
85%
Korea 한국 (han gook)
84%
Sorry 죄송합니다 (joesonghamnida)
81%
Bread 빵 (ppang)
80%
Friend 친구 (chingu)
79%
Where 어디 (eodi)
70%
Please 제발 (jebal)
65%
Tiger 호랑이 (ho-rang-i)
62%
Rain 비 (bi)
61%
Nine 아홉 (ahob)
59%
Time 시간 (sigan)
59%
Hospital 병원 (byeong-won)
58%
Monday 월요일 (wol-yoil)
57%
Sleep 자다 (jada)
55%
Green 녹색 (nogsaeg)
53%
Salt 소금 (sogeum)
50%
Boy 소년 (sonyeon)
46%
Bank 은행 (eunhaeng)
45%
No matching quizzes found
Score Distribution
Percent of People with Each Score
Percentile by Number Answered
Your Score History
You have not taken this quiz